| 000 | 00886nam a2200265 i 4500 | ||
|---|---|---|---|
| 001 | 5860 | ||
| 003 | ES-MaACL | ||
| 005 | 20250815050649.0 | ||
| 007 | t| | ||
| 008 | 890601m19801987sp ||||1| spa d | ||
| 020 | _a84-323-0375-5(o.c.) | ||
| 080 | _a366.1(46)"1800/..." | ||
| 100 | 1 |
_aFerrer Benimeli, José A. _950445 |
|
| 245 | 1 | 0 |
_aMasonería española contemporanea / _cpor José A. Ferrer Benimeli. |
| 260 |
_aMadrid : _bS. XXI, _c1980-1987. |
||
| 300 |
_a2 v. ; _c18 cm. |
||
| 490 | 1 | _aEstudios de Historia Contemporanea S. XXI | |
| 500 | _aIndices. | ||
| 500 | _aBibliografia. | ||
| 505 | 8 | _at.I.1800-1868 -- t.II.Desde 1868 hasta nuestros dias | |
| 610 | 2 | 4 |
_aMasonería- _zEspaña- _vHistoria _95662 |
| 830 | 0 | 0 |
_aEstudios de historia contemporánea (Siglo XXI) _9181254 |
| 852 |
_aES-MaACL _jL-12981-82 _bR.116304 _z. - rust. |
||
| 999 |
_c5860 _d5860 |
||